கியூப புரட்சிப் போா்க் குறிப்புகள்: Cuban Revolutionary War/

Saved in:
Bibliographic Details
Main Author: சேகுவாரா,எா்னஸ்டோ
Other Authors: அகிலன் (மொழிபெயர்ப்பாளர்), கபிலன் (மொழிபெயர்ப்பாளர்)
Format: Book
Language:English
Tamil
Published: சென்னை: கண்ணதாசன் பதிப்பகம், 2017.
Subjects:
Tags: Add Tag
No Tags, Be the first to tag this record!

MARC

LEADER 00000nam a22000007a 4500
005 20260324112538.0
008 260324b |||||||| |||| 00| 0 eng d
020 |a 9788184027969 
041 |a tam 
082 |a 972.9106  |b சேகுவா 
100 |a சேகுவாரா,எா்னஸ்டோ   |9 116773 
245 |a கியூப புரட்சிப் போா்க் குறிப்புகள்:  |b Cuban Revolutionary War/  |c எா்னஸ்டோ சேகுவாரா 
260 |a சென்னை:  |b கண்ணதாசன் பதிப்பகம்,  |c 2017. 
300 |a 382பக்  |b ill;pic  |c 20cm 
500 |a Purchase 
650 |a கியூப புரட்சிப் போர்க்குறிப்புகள்  |9 116774 
700 |a அகிலன் (மொழிபெயர்ப்பாளர்)  |9 116775 
700 |a கபிலன் (மொழிபெயர்ப்பாளர்)  |9 116776 
942 |c REF 
999 |c 70855  |d 70855